| 000 | 01705nam a2200493 i 4500 | ||
|---|---|---|---|
| 001 | 25776 | ||
| 003 | KOSZ 005 | ||
| 005 | 20200715103432.0 | ||
| 008 | 200715s1974 pl a f 000 0 pol | ||
| 015 | _aUWD 1974/2177 | ||
| 035 | _a991028032529705066 | ||
| 035 | _a(PL-WaBN)b17593426-48omnis_nlop | ||
| 035 | _ab17593426 | ||
| 035 | _a(OCoLC)749548544 | ||
| 035 | _a(PL)b0000001759342 | ||
| 035 | _a(EXLNZ-48OMNIS_NETWORK)9910178110505606 | ||
| 040 |
_aWA N _cWA N _dKOSZ 005/RW |
||
| 046 | _k1974 | ||
| 080 | _a539.3/.6 | ||
| 080 | _a534 | ||
| 100 | 1 |
_aNowacki, Wojciech Krzysztof _eAutor |
|
| 245 | 1 | 0 |
_aZagadnienia falowe w teorii plastyczności / _cWojciech Krzysztof Nowacki ; Polska Akademia Nauk. Instytut Podstawowych Problemów Techniki. |
| 260 |
_aWarszawa : _bPaństwowe Wydawnictwo Naukowe, _c1974. |
||
| 300 |
_a207, [1] stron : _bilustracje, wykresy ; _c25 cm. |
||
| 336 |
_aTekst _btxt _2rdacontent |
||
| 337 |
_aBez urządzenia pośredniczącego _bn _2rdamedia |
||
| 338 |
_aWolumin _bnc _2rdacarrier |
||
| 380 | _aKsiążki | ||
| 380 | _aPublikacje naukowe | ||
| 388 | 1 | _a1901-2000 | |
| 388 | 1 | _a1945-1989 | |
| 490 | 1 | _aBiblioteka Mechaniki Stosowanej | |
| 504 | _aBibliografia na stronach [202]-207. | ||
| 650 | 7 |
_aFale _2DBN |
|
| 650 | 7 |
_aPlastyczność _2DBN |
|
| 650 | 7 | _aTeoria | |
| 655 | 7 | _aMonografia | |
| 658 | _aInżynieria i technika | ||
| 710 | 2 |
_aPaństwowe Wydawnictwo Naukowe _4pbl |
|
| 830 | 0 | _aBiblioteka Mechaniki Stosowanej | |
| 856 |
_uhttp://koha.tu.koszalin.pl/cgi-bin/koha/opac-detail.pl?biblionumber=25776 _yKatalog online BPK |
||
| 942 |
_2UKD _cKS |
||
| 999 |
_c25776 _d25776 |
||